000
00285nam a2200121Ia 4500
008
190216s9999||||xx |||||||||||||| ||und||
100
_a
Trifonov D N&Amp;Trifonov
245
0
_a
Chemical Elements
260
_b
Mir Publishers
_c
1989
300
_a
264p
650
_a
Chemistry
942
_c
BK
999
_c
2758
_d
2758